Modern In-Organic Chemistry (Record no. 348891)

000 -LEADER
fixed length control field 00370 a2200145 4500
082 ## - DEWEY DECIMAL CLASSIFICATION NUMBER
Classification number 547
090 ## - LOCALLY ASSIGNED LC-TYPE CALL NUMBER (OCLC); LOCAL CALL NUMBER (RLIN)
-- 6532
-- 6532
100 ## - MAIN ENTRY--PERSONAL NAME
Personal name Azeem,M.A
245 ## - TITLE STATEMENT
Title Modern In-Organic Chemistry
Statement of responsibility, etc. Pro.M.A.Azeem
250 ## - EDITION STATEMENT
Edition statement 1st.
260 ## - PUBLICATION, DISTRIBUTION, ETC.
Place of publication, distribution, etc. Karachi
Name of publisher, distributor, etc. Federal Urdu University Science & Technology
Date of publication, distribution, etc. 2006.
300 ## - PHYSICAL DESCRIPTION
Extent 514p.
500 ## - GENERAL NOTE
General note Paper cover
942 ## - ADDED ENTRY ELEMENTS (KOHA)
Institution code [OBSOLETE] NBS
Koha item type Book
Call number prefix 547 AZE
Holdings
Withdrawn status Lost status Source of classification or shelving scheme Damaged status Not for loan Permanent Location Current Location Date acquired Full call number Barcode Date last seen Price effective from Koha item type
          Central Library (CL) Central Library (CL) 08/28/2013 540 AZE NBSD-1845 07/04/2025 08/28/2013 Book
© 2023 Central Library, National University of Sciences and Technology. All Rights Reserved.